Loading...
| History - American | 0 | 3 | 0 | 0 | 30 | 102 | 103.67 | 0 | 0 | 0.00 | 0.00 |
| Science - Other | 0 | 3 | 1 | 1 | 25 | 93 | 107.00 | 0 | 0 | 0.00 | 0.00 |
| Science - Biology | 0 | 2 | 0 | 1 | 20 | 96 | 105.00 | 0 | 0 | 0.00 | 0.00 |
| Philosophy | 0 | 2 | 0 | 1 | 20 | 84 | 105.50 | 0 | 0 | 0.00 | 0.00 |
| Mythology | 0 | 1 | 0 | 0 | 10 | 65 | 65.00 | 1 | 1 | 0.00 | 0.00 |
| Fine Arts - Other | 0 | 1 | 0 | 1 | 10 | 118 | 118.00 | 0 | 0 | 0.00 | 0.00 |
| Fine Arts - Painting and Sculpture | 0 | 1 | 0 | 0 | 10 | 95 | 95.00 | 0 | 0 | 0.00 | 0.00 |
| History - European | 0 | 1 | 0 | 0 | 10 | 98 | 98.00 | 0 | 0 | 0.00 | 0.00 |
| Literature - British | 0 | 1 | 0 | 0 | 10 | 63 | 63.00 | 0 | 0 | 0.00 | 0.00 |
| Popular Culture | 0 | 1 | 0 | 1 | 10 | 138 | 138.00 | 0 | 0 | 0.00 | 0.00 |
| Religion | 0 | 1 | 0 | 1 | 10 | 119 | 119.00 | 0 | 0 | 0.00 | 0.00 |
| Literature - American | 0 | 0 | 0 | 0 | 0 | 0.00 | 0 | 0 | 0.00 | 0.00 | |
| Literature - World | 0 | 0 | 0 | 0 | 0 | 0.00 | 0 | 0 | 0.00 | 0.00 | |
| Literature - European | 0 | 0 | 0 | 0 | 0 | 0.00 | 0 | 0 | 0.00 | 0.00 |